Predškolské zariadenia ...

Bibliographic Details
Main Authors: Pajdlhauserová, Elena, Medlen, Marián, 1947- (Author)
Format: Serial
Language:Slovak
PhysicalDescription:zv. tab. 21 cm
Published: Bratislava SEducoS
ISBN:8085757125 (brož. : r. 2005/2006)
8085757141 (brož. : r. 2006/2007)
9788085757156 (brož. : r. 2007/2008)
8085757109 (brož. : r. 2004/2005)
Subjects:

MARC

LEADER 00000cas a2200000 a 4500
001 vtls008425331
003 SK-MaSNL
005 20260425194113.0
008 050421u199u200uxo ar 000 b0slo
015 |a SNBB2007 
020 |a 8085757125 (brož. : r. 2005/2006) 
020 |a 8085757141 (brož. : r. 2006/2007) 
020 |a 9788085757156 (brož. : r. 2007/2008) 
020 |a 8085757109 (brož. : r. 2004/2005) 
040 |a SPK  |b slo  |c SPK  |d SNK  |e AACR2 
041 0 |a slo 
043 |a e-xo--- 
044 |a xo  |c SK 
072 7 |a 373.2/.3  |x Predškolská a primárna výchova a vzdelávanie  |2 konspekt 
072 7 |a 342  |x Ústavné právo. Správne právo  |2 konspekt 
072 7 |a 371  |x Školstvo (organizácia)  |2 konspekt 
080 |a 373.24  |2 2001 
080 |a 342.537.3/.5  |2 2001 
080 |a (437.6)  |2 2001 
080 |a 373.2  |2 2001 
080 |a 371.1  |2 2001 
080 |a (058)  |2 2001 
080 |a (035)  |2 2001 
100 1 |a Pajdlhauserová, Elena  |9 8867 
245 1 0 |a Predškolské zariadenia ...  |c Elena Pajdlhauserová, Marian Medlen 
260 |a Bratislava  |b SEducoS 
300 |a zv.  |b tab.  |c 21 cm 
310 |a 1x ročne 
500 |a Popis podľa: R. 2004/2005 
500 |a Súčasťou názvu je označenie školského roku 
500 |a R. 2005/2006 - publikácia vychádza z právneho stavu platného k 20. augustu 2005 
500 |a R. 2006/2007 - publikácia vychádza z právneho stavu platného k 16. októbru 2006 
500 |a R. 2007-2008 - publikácia vychádza z právneho stavu platného k 5. novembru 2007 
500 |a R. 2004/2005 - publikácia vychádza z právneho stavu platného k 25. októbru 2004 
650 0 7 |a predškolská výchova  |2 SNKPH  |9 3959 
650 0 7 |a legislatíva  |2 SNKPH  |9 121217 
650 0 7 |a manažment školy  |2 SNKPH  |9 67970 
650 0 7 |a materské školy  |2 SNKPH  |9 1278 
651 7 |a Slovensko  |2 SNKPH  |9 14231 
655 7 |a príručky  |2 SNKPH  |9 74364 
655 7 |a ročenky  |2 SNKPH  |9 57146 
700 1 |a Medlen, Marián,  |d 1947-  |4 aut  |9 206240 
910 |a savuk 
910 |a snk 
916 |a 2005/2006-2007/2008 
919 |a 80-85757-12-5 
919 |a 80-85757-14-1 
919 |a 978-80-85757-15-6 
919 |a 80-85757-10-9 
999 |c 3981  |d 5911 
952 |a SNK  |b SNK  |y PREZ  |7 0  |p 17A1523195  |o snkČSD 2406/2004-2005  |i snk2024/9688  |8 1  |0 0  |1 0  |4 0  |d 2024-06-20  |l 0  |r 2026-02-21 19:51:19  |w 2026-02-21 
952 |a SNK  |b SNK  |y PREZ  |7 0  |p 17A0534417  |o snkČSD 2406/2005-2006  |i snk2007/7363  |8 0  |f 1  |0 0  |1 0  |4 0  |d 2007-03-15  |l 0  |r 2026-02-21 20:27:14  |w 2026-02-21 
952 |a SNK  |b SNK  |y PREZ  |7 0  |p 17A0534418  |o snkČSD 2406/2005-2006 D1  |i snk2007/7364  |8 0  |0 0  |1 0  |4 0  |d 2007-03-15  |l 0  |r 2026-02-21 20:27:14  |w 2026-02-21 
952 |a SNK  |b SNK  |y PREZ  |7 0  |p 17A0534419  |o snkČSD 2406/2006-2007  |i snk2007/7365  |8 0  |f 1  |0 0  |1 0  |4 0  |d 2007-03-15  |l 0  |r 2026-02-21 20:27:14  |w 2026-02-21 
952 |a SNK  |b SNK  |y PREZ  |7 0  |p 17A0534420  |o snkČSD 2406/2006-2007 D1  |i snk2007/7366  |8 0  |0 0  |1 0  |4 0  |d 2007-03-15  |l 0  |r 2026-02-21 20:27:14  |w 2026-02-21 
952 |a SNK  |b SNK  |y PREZ  |7 0  |p 17A0574395  |o snkČSD 2406/2007-2008  |i snk2008/2779  |8 0  |f 1  |0 0  |1 0  |4 0  |d 2008-02-04  |l 0  |r 2026-02-21 20:28:33  |w 2026-02-21 
952 |a SNK  |b SNK  |y PREZ  |7 0  |p 17A0574396  |o snkČSD 2406/2007-2008 D1  |i snk2008/2780  |8 0  |0 0  |1 0  |4 0  |d 2008-02-04  |l 0  |r 2026-02-21 20:28:33  |w 2026-02-21